000 00616nam a2200217Ia 4500
008 220216s9999 xx 000 0 und d
100 _aKo Jae-Heung
245 0 _aTranscriptome analysis reveals novel features of the molecular events occurring in the laticifers of Hevea brasiliensis (para rubber tree)
260 _bPlant Molecular Biology
_c2003
300 _a479-492
520 _aDoc list 2003(4)
650 _acDNA-AFLP
650 _aESTs
650 _aHevea
650 _aLatex
650 _aLaticifers
650 _aRubber
700 _aChow Keng-See
700 _aHan Kyung-Hwan
942 _cJS
999 _c71466
_d71466